Riconosci il Calciatore - Quiz n°15 - Statistics

Statistiche generali
  • Questo quiz è stato fatto 66 volte
  • Il punteggio medio è 9 su 20
Statistiche sulle risposte
Indizio Risposta % Corretto
Nazionalità Croazia
97%
Ruolo Difensore
92%
Squadra di club 7 Dinamo Zagabria 2009-2010
68%
Squadra di club 6 Borussia Dortmund 2007-2009
61%
Data di nascita 06/04/1974
58%
Squadra di club 5 Juventus 2005-2007
58%
Squadra di club 4 Bayern Monaco 2001-2005
56%
Squadra di club 1 Hertha Zehlendorf 1991-1995
54%
Trofei per club Campionato tedesco: 2 Bayern Monaco: 2002-2003, 2004-2005 Coppa di Germania: 2 Bayern Monaco: 2002-2003, 2004-2005 Coppa di Lega tedesca: 1 Bayern Monaco: 2004 Campionato italiano di Serie B: 1 Juventus: 2006-2007 Campionato croato: 1 Dinamo Zagabria: 2009-2010 Coppa Intercontinentale: 1 Bayern Monaco: 2001
53%
Squadra di club 3 Bayer Leverkusen 1996-2001
49%
Squadra di club 2 Norimberga 1995-1996
47%
Gol nei club 5
34%
Altezza 186 cm
32%
Presenze in nazionale 84
31%
Presenze nei club 452
29%
Trofei per nazionali 0
27%
Trofei individuali 0
27%
Gol in nazionale 0
25%
Peso 778 kg
25%
Calciatore Robert Kovač
19%
Nessun quiz corrispondente trovato
Distribuzione punteggi
Percentuale di utenti per punteggio
Percentile per numero di risposta
I tuoi punteggi nel tempo
Non hai fatto questo quiz